| 000 | 00000nam 2200000zi 4500 |
| 001 | 9.945571 |
| 003 | CaOODSP |
| 005 | 20250113110914 |
| 006 | m o d f |
| 007 | cr mn||||||||| |
| 008 | 241126e20250113onca obs f000 0 eng d |
| 020 | |a9780660746647 |
| 040 | |aCaOODSP|beng|erda|cCaOODSP |
| 043 | |an-cn--- |
| 045 | |ay2y2 |
| 086 | 1 |aCS21-006/12-1E-PDF |
| 100 | 1 |aHa, Jacqueline, |eauthor. |
| 245 | 14|aThe outlook of rural businesses, fourth quarter of 2024 / |cby Jacqueline Ha. |
| 264 | 1|a[Ottawa] : |bStatistics Canada = Statistique Canada, |cJanuary 13, 2025. |
| 264 | 4|c©2025 |
| 300 | |a1 online resource (7 pages) : |billustrations. |
| 336 | |atext|btxt|2rdacontent |
| 337 | |acomputer|bc|2rdamedia |
| 338 | |aonline resource|bcr|2rdacarrier |
| 490 | 1 |aRural and small town Canada analysis bulletin, |x1481-0964 |
| 500 | |aIssued also in French under title: Les perspectives des entreprises rurales, quatrième trimestre de 2024. |
| 500 | |a"Catalogue no. 21-006-X." |
| 504 | |aIncludes bibliographical references. |
| 520 | |a"This article examines the business conditions and expectations of rural and small town businesses in Canada, with comparison to urban counterparts by industry for contextual support. Topics include business obstacles, expectations for the next year, workforce changes and other subjects from the Canadian Survey on Business Conditions, fourth quarter of 2024"--Provided by publisher. |
| 650 | 0|aBusiness enterprises|zCanada|vStatistics. |
| 650 | 0|aRural industries|zCanada|vStatistics. |
| 655 | 7|aStatistics|2lcgft |
| 710 | 2 |aStatistics Canada, |eissuing body. |
| 775 | 08|tLes perspectives des entreprises rurales, quatrième trimestre de 2024 / |w(CaOODSP)9.945573 |
| 830 | #0|aRural and small town Canada, analysis bulletin (Statistics Canada)|w(CaOODSP)9.504735 |
| 856 | 40|qPDF|s269 KB|uhttps://publications.gc.ca/collections/collection_2025/statcan/21-006-x/21-006-x2025001-eng.pdf |
| 856 | 4 |qHTML|sN/A|uhttps://www150.statcan.gc.ca/n1/pub/21-006-x/21-006-x2025001-eng.htm |
| 986 | |a21-006-X |